Responses for show #374 - Thursday, February 13, 1986

Dan Green game 3.

Contestants

Bob Mesch, a counselor-tutor from San Diego, California

Lori Reichart, from Northridge, California

Dan Green, a teacher from Las Vegas, Nevada (whose 2-day cash winnings total $18,800)

Jeopardy! Round responses

HOTELS
POLITICAL TRIVIA
WASHINGTON STATE
FAIRIES & WEE FOLK
#1 SONGS
"LIFE"
    $100 18
a motel

Dan
    $100 8
(Lori: Who were Mondale & Ferraro?)

Carter & Mondale

LoriBob
    $100 24
salmon

Dan
    $100 12
the Sandman

Triple Stumper
    $100 2
"Rock Around The Clock"

Dan
    $100 1
The Life of Riley

Bob
    $200 22
San Francisco

Lori
    $200 14
a bowling alley

Lori
    $200 26
(1 of) apples (hops and rhubarb)

Lori
    $200 13
(Bob: Who is the boogey monster?)

the boogeyman

DanBob
    $200 4
the Supremes

Dan
    $200 3
a lifer

Bob
    $300 23
(Alex: About 75% of the hotels are [*] hotels.)

commercial

Triple Stumper
    $300 19
Haile Selassie

Dan
    $300 27
Mary Livingstone

Triple Stumper
    $300 15
monks

Triple Stumper
    $300 9
(Dan: Who is Bill Holly? [grimaces])

Buddy Holly

DanBob
    $300 5
the life expectancy

Dan
    $400 25
the guest register

Lori
    $400 20
the United States Senate

Triple Stumper
    $400 28
(Lori: What is Mt. McKinley?)

Mt. Rainier

Lori
Triple Stumper
    $400 16
banshees

Lori
    $500 10
[Bob gives his response before the song proper starts playing. The singing continues under his and Alex's conversation.]
(Alex: You don't even want to hear his alma mater.)
(Bob: Not especially.)
(Alex: The song was "My Ding-A-Ling", but you get $500 for identifying [*]. Save that music and play it as we go into the commercial break please.)
[The song reprises as they go to commercial.]
...
[Note: Alex read the word "Amazingly" at the beginning of the clue, but it did not appear on the onscreen Chyron.]

Chuck Berry

Bob
    $400 6
"You Light Up My Life"

Dan
    $500 21
the British Commonwealth of Nations

Triple Stumper
    $500 17
Oberon & Titania

Lori
    $500 11
Andy Gibb

Triple Stumper
    $500 7
(Dan: What is The Guiding Life?)

Facts of Life

Dan
Triple Stumper

Scores at the first commercial break (after clue 11):

Dan Lori Bob
$200 -$100 $1,200

Scores at the end of the Jeopardy! Round:

Dan Lori Bob
$900 $1,400 $1,000

Double Jeopardy! Round responses

WEATHER
ART
ANIMALS
TV BOBS
COLLEGES
"DEATH"
    $200 16
lightning

Bob
    $200 9
Samuel Morse

Dan
    $200 3
(Bob: What is a flamingo?)

the ostrich

DanBob
    $200 13
Bob Barker

Lori
    $200 21
Ph.D.

Dan
    $200 1
sudden death

Lori
    $400 17
the United States

Dan
    $400 10
(Lori: What are old ones?)

Old Masters

Lori
Triple Stumper
    $400 7
(Bob: What is protection?)
(Dan: What is fur?)
[Dan's response is initially rejected by Alex, but quickly reversed.]
(Alex: Well, be more specific on that one, or will we accept it as that? We'll accept it. It's a specially adapted form of [*]. We'll accept fur, because fur is usually hair.)

hair

DanBob
    $400 14
Bob Hope

Dan
    $400 22
(Bob: Who is Getty?)

John D. Rockefeller

Bob
Triple Stumper
    $400 2
a death watch

Bob
    $600 18
fog

Triple Stumper
    $600 11
[The "A" in "Da" was rendered as a small capital letter onscreen.]

The Last Supper

Dan
    $600 8
(Alex: We don't get it from the tortoise, we get it from the [*].)

hawksbill turtle

Triple Stumper
    $600 23
the University of Paris

Triple Stumper
    $600 4
a kiss of death

Dan
    $1,000 19
(Dan: What is ice and lakes?)

snow & ice

Dan
    $800 12
the feet

Lori
    $800 24
Quebec

Dan
    $700 5
(Dan: I haven't the slightest idea.)
...
(Alex: Dale Robertson was the fourth, and Merle Haggard was the fifth.)

hosts of Death Valley Days

Dan
    $1000 20
Galveston, Texas

Triple Stumper
    $1000 15
watercolors

Lori
    $1000 25
Fulbright scholarships

Triple Stumper
    $1000 6
Death of a Centerfold

Triple Stumper

Scores at the end of the Double Jeopardy! Round:

Dan Lori Bob
$3,000 $3,200 $600

[wagering suggestions for these scores]

Final Jeopardy! Round responses

FAMOUS NAMES
(Alex: He was in the news a great deal in 1985.)
...
(Alex: [to Lori] I think he probably made the cover of Wheaties when he was still an amateur.)
BobWho was John McEnroe
$600
DanWho is Pete Rose?
$3,000
LoriWho was Bruce Jenner?
$2,900
Pete Rose

Final scores:

Dan Lori Bob
$6,000 $300 $0
3-day champion: $24,800 2nd place: Hero Jr. personal robot + Joy games carpet 3rd place: Frigidaire laundry center

Game dynamics:

Coryat scores:

Dan Lori Bob
$4,700 $3,200 $500
17 R,
4 W
(including 2 DDs)
10 R,
3 W
7 R
(including 1 DD),
4 W

Combined Coryat: $8,400

The J! Archive is created by fans, for fans. The Jeopardy! game show and all elements thereof, including but not limited to copyright and trademark thereto, are the property of Jeopardy Productions, Inc. and are protected under law. This website is not affiliated with, sponsored by, or operated by Jeopardy Productions, Inc. Join the discussion at JBoard.tv.